000 00740nam a2200253 a 4500
008
020 _a0471930628 (hbk.)
049 _aMAIN
090 _aTK7896
_bEDW
100 _aEdwards, Terry.
245 0 _aFoundations for microstrip circuit design /
_cTerry Edwards.
250 _a2nd ed.
260 _aNew York :
_bJohn Wiley,
_c1992.
300 _axii, 413 p. :
_bill, ;
_c24 cm.
502 _aIncludes bibliographical references.
500 _aIncludes index.
650 _aStrip transmission lines.
650 _aMicrowave integrated circuits.
907 _a.b10146611
_b21-02-13
_c14-01-05
003
005 20230123133907.0
040 _cNUST
942 _cBOOKS
_kTK7896
_mEDW
999 _c156452
_d156452